Tender evaluation procedures (Record no. 74130)
[ view plain ]
| 000 -LEADER | |
|---|---|
| fixed length control field | 01299cab a2200241 4500 |
| 001 - CONTROL NUMBER | |
| control field | ABS67403 |
| 008 - FIXED-LENGTH DATA ELEMENTS--GENERAL INFORMATION | |
| fixed length control field | 040205n2004 000 0 eng u |
| 035 ## - SYSTEM CONTROL NUMBER | |
| System control number | (Sirsi) u125061 |
| 100 ## - MAIN ENTRY--PERSONAL NAME | |
| Personal name | Brewer, G. |
| 245 ## - TITLE STATEMENT | |
| Title | Tender evaluation procedures |
| 260 ## - PUBLICATION, DISTRIBUTION, ETC. | |
| Date of publication, distribution, etc. | 2004 |
| 490 ## - SERIES STATEMENT | |
| Series statement | Contract Journal |
| Volume/sequential designation | 421(6457) 9 January 2004, 14(1) |
| 520 ## - SUMMARY, ETC. | |
| Summary, etc. | Examines in "Pratt Contractors Ltd v Transit New Zealand" ([2003] UKPC 83, [2004] BLR 143-151(8)) duties of good faith and procedural obligations in tender evaluation. The Privy Council gave judgment in an appeal from the CA in New Zealand concerning the competitive tendering procedures adopted for a state highway contract in New Zealand. Concludes that a request for tenders will give rise to a preliminary contract with tenderers, by which the client body will be obliged to comply with any tender evaluation procedures set out in the request. View judgment at www.bailii.org. |
| 590 ## - LOCAL NOTE (RLIN) | |
| Local note | ABS |
| 650 ## - SUBJECT ADDED ENTRY--TOPICAL TERM | |
| Topical term or geographic name entry element | PRATT CONTRACTORS LTD V TRANSIT NEW ZEALAND |
| 650 ## - SUBJECT ADDED ENTRY--TOPICAL TERM | |
| Topical term or geographic name entry element | TENDER EVALUATION |
| 650 ## - SUBJECT ADDED ENTRY--TOPICAL TERM | |
| Topical term or geographic name entry element | NEW ZEALAND |
| 650 ## - SUBJECT ADDED ENTRY--TOPICAL TERM | |
| Topical term or geographic name entry element | GOOD FAITH OBLIGATIONS |
| 650 ## - SUBJECT ADDED ENTRY--TOPICAL TERM | |
| Topical term or geographic name entry element | PROCEDURAL OBLIGATIONS |
| 690 ## - LOCAL SUBJECT ADDED ENTRY--TOPICAL TERM (OCLC, RLIN) | |
| Topical term or geographic name as entry element | Procurement |
| 9 (RLIN) | 6260 |
| 856 ## - ELECTRONIC LOCATION AND ACCESS | |
| Uniform Resource Identifier | <a href="https://www.bailii.org/uk/cases/UKPC/2003/83.html">https://www.bailii.org/uk/cases/UKPC/2003/83.html</a> |
| Public note | View the judgment on the BAILII website... |
| 942 ## - ADDED ENTRY ELEMENTS (KOHA) | |
| Suppress in OPAC | 0 |
| Withdrawn status | Lost status | Source of classification or shelving scheme | Damaged status | Not for loan | Home library | Current library | Shelving location | Date acquired | Total Checkouts | Full call number | Barcode | Date last seen | Copy number | Price effective from | Koha item type |
|---|---|---|---|---|---|---|---|---|---|---|---|---|---|---|---|
| Dewey Decimal Classification | London | London | Journal article | 05/02/2004 | ABS67403 | 125061-1001 | 06/08/2019 | 1 | 06/08/2019 | Journal article |